Włodarze miasta Lublińca 1945-2008

Titel: Włodarze miasta Lublińca 1945-2008
Verfasser:
Beteiligt:
In: Szkice lublinieckie, Band 8 (2008), Seite 85-126
alle Artikel anzeigen
Veröffentlicht: 2008
Format: Aufsatz
Sprache: Polnisch
Kein Bild verfügbar
X
alg: 39411238
001A    $01999:12-11-16 
001B    $01999:29-05-21 $t17:42:46.000 
001D    $01999:12-11-16 
001U    $0utf8 
001X    $00 
002@    $0Aox 
003@    $0394112385 
007A    $0394112385 $aHEB 
007T    $0Herdkk00013802 
010@    $apol 
011@    $a2008 
021A    $aWłodarze miasta Lublińca 1945-2008 
028A    $aBurek $dGerard 
028B/01 $aBechcicki $dSylwin H. 
031A    $d8 $h85-126 $j2008 
037A    $aBiogramy burmistrzów, przewodniczących prezydium Miejskiej Rady Narodowej i naczelników miasta  
039B    $aIn $8--Abvc--. Szkice lublinieckie. - Lubliniec, 1986-. - ISSN 0860-3685 $x200800000080000915 $9182896552 
045F    $a929.09438 $eDDC23BSB 
045F/01 $a929 
045F/03 $g438 
045F/03 $g4385 

lok: 39411238 78

exp: 39411238 78 1 #EPN
201B/01 $018-11-16 $t10:38:58.000 
201U/01 $0utf8 
203@/01 $0790222906 
208@/01 $a12-11-16 $be 
209A/01 $a/ $f000 $x00 
220C/01 $aTitelaufnehmer: pbb 
220C/01 $aHerkunft: PBB/IH PAN 
244Z/01 $2Trx $#Silesia $#Śląsk $#Sliezsko $#Slezsko $8--Trx--Schlesien $x01 $9391173987 
244Z/01 $2Trx $#Poola $#Lenkija $#Polija $#Polen Land $#Poland $#Lengyelország $#Poľsko $#Polsko $8--Trx--Polska$gkraj $x02 $9391345966 
244Z/01 $2Trx $#Lublinitz $#Loben Tschenstochau $8--Trx--Lubliniec $x03 $9391273396 
244Z/01 $2Trx $8--Trx--Zeitschriftenaufsatz $x04 $9391384341 
245Z/01 $a12.01 $x01 
247C/01 $82080>Marburg/Lahn, Herder-Institut, Forschungsbibliothek, Bibliographieportal $9336309341
LEADER 00000caa a22000002c 4500
001 394112385
003 DE-603
005 20210529174246.0
007 tu
008 161112s2008 xx |||| | u00||u|pol c
035 |a (DE-599)HEB394112385 
040 |a DE-603  |b ger  |c DE-603  |d DE-603 
041 |a pol 
082 0 4 |8 1\u  |a 929.09438  |q DE-101  |2 23/BSB 
085 |8 1\u  |b 929 
085 |8 1\u  |z 2  |s 438 
085 |8 1\u  |z 2  |s 4385 
100 1 |a Burek, Gerard 
245 0 0 |a Włodarze miasta Lublińca 1945-2008 
264 0 |c 2008 
500 |a Biogramy burmistrzów, przewodniczących prezydium Miejskiej Rady Narodowej i naczelników miasta <pol> 
700 1 |a Bechcicki, Sylwin H. 
773 0 8 |i In  |t Szkice lublinieckie  |d Lubliniec, 1986-  |x 0860-3685  |g Band 8 (2008), Seite 85-126  |w (DE-603)182896552  |w (DE-600)2259923-X 
924 0 |9 2080  |a (DE-603)790222906  |b DE-2080  |c HES  |d d  |g /